banner koha

Diagnostico da cultura do algodao em Mato Grosso - 1996 (Registro n. 288590)

MARC details
000 -LÍDER
campo de controle de tamanho fixo 01074nac a22003497a 4500
001 - NÚMERO DE CONTROLE
campo de controle BR9800205
003 - IDENTIFICADOR DO NÚMERO DE CONTROLE
campo de controle BR-BrBNA
005 - DATA E HORÁRIO DA ÚLTIMA TRANSAÇÃO
campo de controle 20240105122003.0
008 - CAMPO DE DADOS FIXOS--INFORMAÇÃO GERAL
campo de controle de tamanho fixo 230509b bl.|||m| |||| 00| 0 por d
040 ## - FONTE DA CATALOGAÇÃO
Instituição da catalogação original BR-BrBNA
Idioma da catalogação por
Instituição que transcreveu o registro Biblioteca Nacional de Agricultura
072 ## - CÓDIGO DE CATEGORIA DE ASSUNTO
Código de Categoria de Assunto F01
090 ## - NÚMERO DE CHAMADA LOCAL
Número de chamada 0430 BR9800205
100 1# - ENTRADA PRINCIPAL--NOME PESSOAL
Nome pessoal Freire, E.C.
100 1# - ENTRADA PRINCIPAL--NOME PESSOAL
Nome pessoal Santos, A.M. dos
100 1# - ENTRADA PRINCIPAL--NOME PESSOAL
Nome pessoal Arantes, E.M.
100 1# - ENTRADA PRINCIPAL--NOME PESSOAL
Nome pessoal Paro, H.
100 1# - ENTRADA PRINCIPAL--NOME PESSOAL
Nome pessoal Farias, F.J.C.
100 1# - ENTRADA PRINCIPAL--NOME PESSOAL
Nome pessoal Nascimento, J.L. do
100 1# - ENTRADA PRINCIPAL--NOME PESSOAL
Nome pessoal Pedrosa, M.B.
110 1# - ENTRADA PRINCIPAL--NOME CORPORATIVO
Nome corporativo ou nome da jurisdição Centro Nacional de Pesquisa do Algodao, Campina Grande, PB (Brasil)
9 (RLIN) 1702
245 1# - TÍTULO
Título Diagnostico da cultura do algodao em Mato Grosso - 1996
260 3# - PUBLICAÇÃO, DISTRIBUIÇÃO, ETC.
Local de publicação, distribuição, etc. Campina Grande, PB (Brasil):
Data da publicação, distribuição, etc. 1996.
300 ## - DESCRIÇÃO FÍSICA
Extensão 31 p.
490 ## - TÍTULO DA SÉRIE
Título da série Documentos - Centro Nacional de Pesquisa do Algodao (Brazil)
Número do volume ou designação sequencial da série no. 49
ISSN - International Standard Serial Number ISSN 0103-0205
500 ## - NOTA GERAL
Nota geral 10 ref.
650 ## - ASSUNTO--TERMO TÓPICO
Cabeçalho tópico ou nome geográfico Algodao
650 ## - ASSUNTO--TERMO TÓPICO
Cabeçalho tópico ou nome geográfico Pratica Cultural
650 ## - ASSUNTO--TERMO TÓPICO
Cabeçalho tópico ou nome geográfico Pesquisa Agricola
650 ## - ASSUNTO--TERMO TÓPICO
Cabeçalho tópico ou nome geográfico Mato Grosso
909 ## -
-- 202312
-- Lúcia Elande
-- 55
-- Lúcia Elande
942 ## - ELEMENTOS DE ENTRADA ADICIONADOS (KOHA)
Fonte da classificação ou esquema de arquivamento na estante Classificação AGRIS
Ocultar no OPAC Não
Tipo de material Koha Monografia Seriada
Exemplares
Situação do descarte Fonte da classificação ou esquema de arquivamento na estante Situação física Não pode ser emprestado Coleção Biblioteca de origem Biblioteca atual Localização na estante Total de empréstimos Número de telefone completo Código de barras Data de último acesso Tipo de material Koha Fonte de aquisição
  Classificação AGRIS       Biblioteca Nacional de Agricultura - Binagri Biblioteca Nacional de Agricultura - Binagri Agrobase - Acervo Geral   0430 BR9800205 0430 BR9800205 18/12/2023 Monografia Seriada Portaria Interministerial nº 164/94

BINAGRI

Telefone: (61)3218-2567/2388/3357/2097 - binagri@agro.gov.br

Ministério da Agricultura e Pecuária , Esplanada dos Ministérios, Bloco D, Anexo B, Brasília/DF, CEP: 70.043-900